LEADER 01242nam a2200241 i 4500 001 000000154221 003 CaOOAMICUS 005 20061012000000.0 008 061012s1958 it u000 u ita u 013 $a131567 040 $aSeMil$bita 100 1 $aManfrini, Enrico.$0(OLS)http://semarc/name/43775 245 13$aLa Porta della Glorificazione di Maria di Enrico Manfrini per il Duomo di Siena /$cpresentazione di Giovanni Gronchi capo dello Stato Italiano. 260 $a[Italia] :$bGalleria d'Arte Sacra dei Contemporanei,$cstampa 1958. 300 $a82 p. :$bill. ;$c32 cm. 490 0 $aLe gemme rare : quaderni d'arte sacra 650 4$aSiena - Guide artistiche.$0(OLS)http://semarc/subject/6711 700 1 $aGronchi, Giovanni,$c.$0(OLS)http://semarc/name/32760 830 3$aLe gemme rare : quaderni d'arte sacra.$0(OLS)http://semarc/title/14144 850 $aSeMil 852 $aSeMil$W1$xVenegono$y1$m5N IX 14$j106081$B106081$CSeMilBibl$Z2$F115286 $8I 996 $6245$aLa Porta della Glorificazione di Maria di Enrico Manfrini per il Duomo di Siena$9(OLS)http://semarc/title/225690 996 $6260$a[Italia] :$bGalleria d'Arte Sacra dei Contemporanei$9(OLS)http://semarc/publisher/32951 LEADER 00815nam a2200193 i 4500 001 000000234600 003 CaOOAMICUS 005 20141016000000.0 008 141016s1779 it u000 u ita u 013 $a213503 026 $ai-ne a.m- n-n- doti (3) 1779 (R) 040 $aSeMil$bita 245 10$aDall'anno 1063 al 1091. 300 $a496 p. 500 $aSegn. : A-2H8. 773 0 $aFleury, Claude <1640-1723>$tStoria ecclesiastica di monsignor Claudio Fleury tradotta dal francese a Sua Eccellenza Carlo conte e signore De Firmian ... Tomo 1. [-63.].$dSiena : Dalle stampe di Vincenzo Pazzini Carli, e Figli, 1776-1792.$g21$w()30721 850 $aSeMil 852 $aSeMil$W1$xVenegono$y1$m3B I 21 FA$j184946$B184946$CSeMilBibl$Z2$F195877 $8I 996 $6245$aDall'anno 1063 al 1091$9(OLS)http://semarc/title/334778